Normal view
MARC view
Entry Topical Term
001 - CONTROL NUMBER
- control field: 17218
003 - CONTROL NUMBER IDENTIFIER
- control field: OSt
005 - DATE AND TIME OF LATEST TRANSACTION
- control field: 20260122103756.0
008 - FIXED-LENGTH DATA ELEMENTS
- fixed length control field: 260122|| aca||aabn | a|a d
040 ## - CATALOGING SOURCE
- Original cataloging agency: OSt
- Transcribing agency: OSt
150 ## - HEADING--TOPICAL TERM
- Topical term or geographic name entry element: Cyber Law : Information Technology Act, 2000
- Topical term or geographic name entry element: Digital Personal Data Protection Act, 2023
670 ## - SOURCE DATA FOUND
- Source citation: Work cat.: (OSt)360356: Garg, Sandeep 2859, Saibar Vidhi : Suchana Prodhogiki Adhiniyam. 2000, 2026
